Kalam nimagido salam (Record no. 119366)
[ view plain ]
| 000 -LEADER | |
|---|---|
| fixed length control field | 01540nam a2200253Ia 4500 |
| 003 - CONTROL NUMBER IDENTIFIER | |
| control field | OSt |
| 005 - DATE AND TIME OF LATEST TRANSACTION | |
| control field | 20251205143225.0 |
| 008 - FIXED-LENGTH DATA ELEMENTS--GENERAL INFORMATION | |
| fixed length control field | 210210b2013 xxu||||| |||| 00| 0 eng d |
| 020 ## - INTERNATIONAL STANDARD BOOK NUMBER | |
| International Standard Book Number | 9383052538 |
| 040 ## - CATALOGING SOURCE | |
| Transcribing agency | AL |
| 041 ## - LANGUAGE CODE | |
| Language code of text/sound track or separate title | Kannada |
| 082 ## - DEWEY DECIMAL CLASSIFICATION NUMBER | |
| Classification number | 925K MADK |
| 100 ## - MAIN ENTRY--PERSONAL NAME | |
| Personal name | Madhyasta G K |
| 9 (RLIN) | 244692 |
| 110 ## - MAIN ENTRY--CORPORATE NAME | |
| Corporate name or jurisdiction name as entry element | ಮಧ್ಯಸ್ಥ ಜಿ ಕೆ |
| 9 (RLIN) | 247879 |
| 245 ## - TITLE STATEMENT | |
| Title | Kalam nimagido salam |
| Remainder of title | : ಕಲಾಂ ನಿಮಗಿದೋ ಸಲಾಂ |
| 260 ## - PUBLICATION, DISTRIBUTION, ETC. | |
| Place of publication, distribution, etc. | Bengaluru |
| Name of publisher, distributor, etc. | Vasanta Prakashana |
| Date of publication, distribution, etc. | 2013 |
| 300 ## - PHYSICAL DESCRIPTION | |
| Extent | viii,192 |
| 520 ## - SUMMARY, ETC. | |
| Summary, etc. | ‘ಕಲಾಂ ನಿಮಗಿದೋ ಸಲಾಂ’ ರಾಮೇಶ್ವರದ ಸಾಮಾನ್ಯ ಹುಡುಗ ರಾಷ್ಟ್ರಪತಿಯಾದ ಕತೆ. ಈ ಕೃತಿಯನ್ನು ಪತ್ರಕರ್ತ, ಲೇಖಕ ಜಿ.ಕೆ. ಮಧ್ಯಸ್ಥ (ಗೋಪಾಲಕೃಷ್ಣ ಮಧ್ಯಸ್ಥ) ರಚಿಸಿದ್ದಾರೆ. ಭಾರತರತ್ನ ಡಾ. ಅಬ್ದುಲ್ ಕಲಾಂ ಅವರ ಜೀವನ ಕತೆಯನ್ನು ಒಳಗೊಂಡಿರುವ ಈ ಕೃತಿಯಲ್ಲಿ ಕಲಾಂ ಓರ್ವ ಶ್ರೇಷ್ಠ ವಿಜ್ಞಾನಿಯಾಗಿ, ತದನಂತರ ದೇಶದ ರಾಷ್ಟ್ರಪತಿಯಾಗಿ ಬೆಳೆದ ಸಾಧನಾತ್ಮಕ ಬದುಕಿನ ವಿವರಗಳಿವೆ. |
| 690 ## - LOCAL SUBJECT ADDED ENTRY--TOPICAL TERM (OCLC, RLIN) | |
| Topical term or geographic name as entry element | Biography |
| 9 (RLIN) | 244701 |
| 700 ## - ADDED ENTRY--PERSONAL NAME | |
| Personal name | Madhyasta, Gopalakrishna |
| 9 (RLIN) | 247880 |
| 710 ## - ADDED ENTRY--CORPORATE NAME | |
| Corporate name or jurisdiction name as entry element | ಮಧ್ಯಸ್ಥ , ಗೋಪಾಲಕೃಷ್ಣ |
| 9 (RLIN) | 247881 |
| 906 ## - LOCAL DATA ELEMENT F, LDF (RLIN) | |
| a | 069809 |
| 942 ## - ADDED ENTRY ELEMENTS (KOHA) | |
| Source of classification or shelving scheme | Dewey Decimal Classification |
| Koha item type | Book |
| Withdrawn status | Lost status | Damaged status | Not for loan | Collection code | Home library | Current library | Shelving location | Date acquired | Source of acquisition | Cost, normal purchase price | Total Checkouts | Full call number | Barcode | Date last seen | Price effective from | Koha item type |
|---|---|---|---|---|---|---|---|---|---|---|---|---|---|---|---|---|
| St Aloysius Library | St Aloysius Library | 02/17/2021 | Navakarnataka Publication Pvt Ltd., Mangalore | 120.00 | 925K MADK | 069809 | 02/17/2021 | 02/17/2021 | Book |